| 000 | 00341nam a2200133Ia 4500 | ||
|---|---|---|---|
| 008 | 240624s9999 xx 000 0 und d | ||
| 041 | _aeng | ||
| 082 | _a005.7 BAD | ||
| 100 | _aBADIA ANTONIO | ||
| 245 | _aSQL FOR DATA SCIENCE DATA CLEANING WRANG | ||
| 260 |
_c2020 _aSwitzerland _bSpringer |
||
| 300 | _axi,285P.; 23cm | ||
| 365 |
_cERU _b33 |
||
| 999 |
_c32756 _d32756 |
||